[Event "Leiden op-A 12th"]
[Site "Leiden"]
[Date "2018.07.13"]
[Round "1"]
[White "Ten Hertog, Hugo"]
[Black "Stork, Ornett J"]
[Result "1-0"]
[WhiteElo "2475"]
[BlackElo "2101"]
[PlyCount "41"]
[EventDate "2018.07.13"]
[EventType "swiss"]
[EventRounds "9"]
[EventCountry "NED"]
[SourceTitle "CBM 185 Extra"]
[Source "ChessBase"]
[SourceDate "2018.07.29"]
[SourceVersion "1"]
[SourceVersionDate "2018.07.29"]
[SourceQuality "1"]

1. e4 c5 2. Nf3 d6 3. d4 cxd4 4. Nxd4 Nf6 5. Nc3 a6 6. h3 h5 7. Bc4 e6 8. a3 Qc7 9. Ba2 Nc6 10. f4 Be7 11. Nf3 b6 12. 0-0 0-0 13. Ng5 g6 14. Qd3 d5 15. exd5 exd5 16. f5 Ne5 17. Qg3 Bd6 18. fxg6 Nxg6 19. Qf3 Be5 20. Nxd5 Nxd5 21. Qxh5 1-0

[Event "Leiden Noteboom Memorial 75th"]
[Site "Leiden"]
[Date "2015.02.15"]
[Round "6"]
[White "Roobol, Martin"]
[Black "Stork, Ornett J"]
[Result "1/2-1/2"]
[WhiteElo "2331"]
[BlackElo "2114"]
[PlyCount "119"]
[EventDate "2015.02.13"]
[EventType "swiss"]
[EventRounds "6"]
[EventCountry "NED"]
[SourceTitle "CBM 164 Extra"]
[Source "ChessBase"]
[SourceDate "2015.03.02"]
[SourceVersion "1"]
[SourceVersionDate "2015.03.02"]
[SourceQuality "1"]

1. d4 Nf6 2. c4 c5 3. d5 b5 4. Nf3 Bb7 5. a4 Qa5+ 6. Bd2 b4 7. Qc2 g6 8. e4 d6 9. b3 Bg7 10. Ra2 0-0 11. Bd3 e5 12. 0-0 Nbd7 13. Re1 Nh5 14. Qc1 f5 15. exf5 gxf5 16. Ng5 e4 17. Be2 Nhf6 18. Ne6 Rf7 19. Bh6 Bxh6 20. Qxh6 Ne5 21. Nd2 Re8 22. Qg5+ Kh8 23. Qxf5 Nxd5 24. Qxf7 Nxf7 25. cxd5 Bxd5 26. Nf4 Bc6 27. Bh5 Qc7 28. g3 Re7 29. Nc4 Ne5 30. Ne3 Nf3+ 31. Bxf3 exf3 32. Rd1 Re5 33. Rad2 d5 34. Nfxd5 Bxd5 35. Rxd5 Rxd5 36. Rxd5 Qe7 37. h4 Qe4 38. Kh2 Qb1 39. g4 Qxb3 40. h5 h6 41. Rxc5 Qxa4 42. Rc8+ Kg7 43. Rc7+ Kf8 44. Rc4 Qb5 45. Rc8+ Kf7 46. Nf5 Qe5+ 47. Kh3 b3 48. Nxh6+ Ke7 49. Nf5+ Kd7 50. Rc1 b2 51. Rd1+ Ke6 52. h6 Kf6 53. h7 Kg6 54. Rd7 b1Q 55. Nh4+ Kg5 56. Nxf3+ Kf4 57. Rf7+ Ke4 58. Nxe5 Qh1+ 59. Kg3 Kxe5 60. Rxa7 1/2-1/2

[Event "Amsterdam Science Park op-A 2nd"]
[Site "Amsterdam"]
[Date "2012.07.20"]
[Round "7"]
[White "Schneider, Verena"]
[Black "Stork, Ornett J"]
[Result "1-0"]
[WhiteElo "2331"]
[BlackElo "2136"]
[PlyCount "51"]
[EventDate "2012.07.14"]
[EventType "swiss"]
[EventRounds "9"]
[EventCountry "NED"]
[SourceTitle "CBM 149 Extra"]
[Source "ChessBase"]
[SourceDate "2012.08.24"]
[SourceVersion "1"]
[SourceVersionDate "2012.08.24"]
[SourceQuality "1"]

1. e4 Nc6 2. Nf3 d6 3. d4 Nf6 4. Nc3 Bg4 5. Be3 e6 6. Be2 Be7 7. Nd2 Bxe2 8. Qxe2 d5 9. e5 Nd7 10. f4 Nb4 11. Nb3 f6 12. a3 Nc6 13. Qg4 Kf7 14. 0-0 f5 15. Qh3 Nb6 16. g4 g6 17. gxf5 exf5 18. Rad1 Nc4 19. Bc1 b6 20. Qg2 Ke6 21. Rd3 N6a5 22. Rh3 Bh4 23. Nxa5 Nxa5 24. b4 Nc6 25. Rxh4 Nxd4 26. Rxh7 1-0

[Event "Amsterdam Science Park op-A 2nd"]
[Site "Amsterdam"]
[Date "2012.07.19"]
[Round "6"]
[White "Stork, Ornett J"]
[Black "Ritsema, Ronald JE"]
[Result "1-0"]
[WhiteElo "2136"]
[BlackElo "2054"]
[PlyCount "51"]
[EventDate "2012.07.14"]
[EventType "swiss"]
[EventRounds "9"]
[EventCountry "NED"]
[SourceTitle "CBM 149 Extra"]
[Source "ChessBase"]
[SourceDate "2012.08.24"]
[SourceVersion "1"]
[SourceVersionDate "2012.08.24"]
[SourceQuality "1"]

1. d4 d5 2. c4 e6 3. Nc3 c6 4. e3 Nf6 5. Nf3 Nbd7 6. Qc2 a6 7. Bd2 Be7 8. g4 dxc4 9. Bxc4 b5 10. Bd3 Bb7 11. g5 Nh5 12. Bxh7 Bxg5 13. Nxg5 Qxg5 14. Be4 Nhf6 15. 0-0-0 Nxe4 16. Nxe4 Qe7 17. Rhg1 g6 18. Ba5 f5 19. Nc5 Nxc5 20. dxc5 Kf7 21. Rd6 Rxh2 22. Rgd1 Bc8 23. Rxc6 Rh4 24. f4 Ke8 25. Rc7 Qf6 26. Qg2 1-0

[Event "Roosendaal op"]
[Site "Roosendaal"]
[Date "2011.08.20"]
[Round "4"]
[White "Stork, Ornett J"]
[Black "Blom, Martijn"]
[Result "0-1"]
[WhiteElo "2117"]
[BlackElo "2020"]
[PlyCount "60"]
[EventDate "2011.08.19"]
[EventType "swiss"]
[EventRounds "6"]
[EventCountry "NED"]
[SourceTitle "CBM 143 Extra"]
[Source "ChessBase"]
[SourceDate "2011.08.29"]
[SourceVersion "1"]
[SourceVersionDate "2011.08.29"]
[SourceQuality "1"]

1. d4 Nf6 2. c4 e6 3. Nf3 d5 4. Nc3 c6 5. e3 Nbd7 6. Qc2 Be7 7. g4 dxc4 8. Bxc4 b5 9. Be2 Bb7 10. g5 Nd5 11. Ne4 Qb6 12. a4 a5 13. Bd2 Rc8 14. Qb3 b4 15. Ng3 c5 16. Bb5 Bc6 17. Bxc6 Qxc6 18. e4 N5b6 19. 0-0 c4 20. Qc2 Qd6 21. Qc1 Qc6 22. Re1 0-0 23. d5 exd5 24. Nd4 Qb7 25. e5 Nc5 26. Qd1 Nd3 27. Qh5 c3 28. Re3 Nf4 29. Qd1 cxd2 30. Qxd2 Nc4 0-1

[Event "Roosendaal op"]
[Site "Roosendaal"]
[Date "2011.08.19"]
[Round "1"]
[White "Stork, Ornett J"]
[Black "Sprenger, Jan Michael"]
[Result "0-1"]
[WhiteElo "2117"]
[BlackElo "2515"]
[PlyCount "40"]
[EventDate "2011.08.19"]
[EventType "swiss"]
[EventRounds "6"]
[EventCountry "NED"]
[SourceTitle "CBM 143 Extra"]
[Source "ChessBase"]
[SourceDate "2011.08.29"]
[SourceVersion "1"]
[SourceVersionDate "2011.08.29"]
[SourceQuality "1"]

1. d4 Nf6 2. c4 e6 3. Nc3 Bb4 4. Qc2 c5 5. dxc5 0-0 6. Nf3 Na6 7. a3 Bxc3+ 8. Qxc3 Nxc5 9. b4 Nce4 10. Qb3 Ng4 11. Be3 a5 12. Rd1 axb4 13. axb4 b5 14. cxb5 Bb7 15. h3 Nxe3 16. Qxe3 Qe7 17. Qb3 Bd5 18. Qb2 Ra2 19. Qd4 Rc8 20. Ne5 Rc4 0-1

[Event "Leiden SB-ch"]
[Site "Leiden"]
[Date "2004.05.26"]
[Round "2"]
[White "Stork, Ornett J"]
[Black "Geertsma, Folkert Jan"]
[Result "1/2-1/2"]
[WhiteElo "2120"]
[BlackElo "1931"]
[PlyCount "44"]
[EventDate "2004.05.19"]
[EventType "swiss"]
[EventRounds "7"]
[EventCountry "NED"]
[SourceTitle "EXT 2012"]
[Source "ChessBase"]
[SourceDate "2011.11.24"]
[SourceVersion "1"]
[SourceVersionDate "2011.11.24"]
[SourceQuality "1"]

1. d4 c6 2. c4 d5 3. Nf3 Nf6 4. e3 Bg4 5. Nc3 e6 6. h3 Bxf3 7. Qxf3 Qc7 8. Bd2 Be7 9. Bd3 Nbd7 10. Rc1 Rc8 11. 0-0 0-0 12. e4 dxe4 13. Nxe4 Nxe4 14. Qxe4 Nf6 15. Qe2 Rfd8 16. Bc3 Rd7 17. Bb1 Qd8 18. Qc2 g6 19. Rcd1 Bf8 20. Qa4 Ra8 21. Bc2 Bg7 22. b3 Nh5 1/2-1/2

[Event "NATO-ch 13th"]
[Site "Brest"]
[Date "2002.10.08"]
[Round "2.24"]
[White "Koopmeiners, Karl"]
[Black "Stork, Ornett J"]
[Result "1-0"]
[WhiteElo "1973"]
[BlackElo "2101"]
[PlyCount "59"]
[EventDate "2002.10.07"]
[EventType "swiss"]
[EventRounds "7"]
[EventCountry "FRA"]
[SourceTitle "EXT 2003"]
[Source "ChessBase"]
[SourceDate "2002.11.25"]
[SourceVersion "1"]
[SourceVersionDate "2002.11.25"]
[SourceQuality "1"]

1. d4 Nf6 2. c4 c5 3. d5 b5 4. cxb5 a6 5. bxa6 Bxa6 6. Nc3 g6 7. e4 Bxf1 8. Kxf1 d6 9. g3 Bg7 10. Kg2 0-0 11. Nge2 Nbd7 12. Qc2 Qa5 13. a4 Nb6 14. Ra3 Nc4 15. Rb3 Ne8 16. Rb7 Qa6 17. Rxe7 Bf6 18. Rxe8 Rfxe8 19. Nb5 Na5 20. Nc7 Qc4 21. Qxc4 Nxc4 22. Nxa8 Rxa8 23. b3 Na5 24. Bf4 Nxb3 25. Bxd6 Rxa4 26. e5 Bxe5 27. Bxe5 Re4 28. Bf6 Rxe2 29. Rd1 Nd4 30. d6 1-0

[Event "NATO-ch 13th"]
[Site "Brest"]
[Date "2002.10.??"]
[Round "4.20"]
[White "Bajgrowicz, Andrzej"]
[Black "Stork, Ornett J"]
[Result "0-1"]
[WhiteElo "2000"]
[BlackElo "2101"]
[PlyCount "120"]
[EventDate "2002.10.07"]
[EventType "swiss"]
[EventRounds "7"]
[EventCountry "FRA"]
[SourceTitle "EXT 2003"]
[Source "ChessBase"]
[SourceDate "2002.11.25"]
[SourceVersion "1"]
[SourceVersionDate "2002.11.25"]
[SourceQuality "1"]

1. e4 Nc6 2. Nf3 d6 3. d4 Nf6 4. Nc3 Bg4 5. Be3 e6 6. Be2 Be7 7. h3 Bh5 8. Nd2 Bxe2 9. Qxe2 d5 10. e5 Nd7 11. Qg4 g6 12. 0-0-0 Nb6 13. Kb1 a6 14. Ne2 Na5 15. b3 c5 16. dxc5 Nd7 17. Nf3 Nc6 18. Qg3 Nxc5 19. Nc1 Ne4 20. Qf4 g5 21. Qxe4 dxe4 22. Rxd8+ Rxd8 23. Nxg5 Bxg5 24. Bxg5 Rd5 25. c4 Rd7 26. g3 Rg8 27. Bf4 Ne7 28. Re1 Ng6 29. Rxe4 Nxf4 30. Rxf4 Rd2 31. Rf3 Ke7 32. Nd3 Rd8 33. Nc5 Re2 34. Nd3 b6 35. a4 Rd4 36. Kc1 Rde4 37. h4 a5 38. h5 Ra2 39. h6 Ree2 40. Kd1 Red2+ 41. Ke1 Rdc2 42. Kf1 Rc3 43. Ne1 Rc1 44. Re3 Raa1 45. f4 Rcb1 46. Kf2 Ra2+ 47. Kf3 Ra3 48. Kg4 Rbxb3 49. Rxb3 Rxb3 50. Nf3 Ra3 51. Ng5 Rxa4 52. Nxh7 Ra1 53. Nf6 Rh1 54. Nh5 Kf8 55. Kg5 a4 56. g4 Rxh5+ 57. Kxh5 a3 58. f5 a2 59. fxe6 fxe6 60. Kg6 a1Q 0-1

[Event "NATO-ch 13th"]
[Site "Brest"]
[Date "2002.10.??"]
[Round "6.11"]
[White "Lokasto, Anatol"]
[Black "Stork, Ornett J"]
[Result "0-1"]
[WhiteElo "2235"]
[BlackElo "2101"]
[PlyCount "64"]
[EventDate "2002.10.07"]
[EventType "swiss"]
[EventRounds "7"]
[EventCountry "FRA"]
[SourceTitle "EXT 2003"]
[Source "ChessBase"]
[SourceDate "2002.11.25"]
[SourceVersion "1"]
[SourceVersionDate "2002.11.25"]
[SourceQuality "1"]

1. e4 Nc6 2. Nc3 e6 3. d4 Bb4 4. a3 Bxc3+ 5. bxc3 d5 6. e5 Qd7 7. Bd3 b6 8. Nf3 Bb7 9. 0-0 0-0-0 10. Qe2 f5 11. Bb5 h6 12. h4 g5 13. hxg5 hxg5 14. Nxg5 Nh6 15. f3 Rdg8 16. Be3 Nf7 17. Nxf7 Qxf7 18. f4 Qh7 19. Qf3 Qh4 20. Rfe1 Rg3 21. Qf1 Qh2+ 22. Kf2 Rhg8 23. Ke2 Rxg2+ 24. Kd1 Rxc2 25. Re2 Rxe2 26. Bxe2 Na5 27. Ra2 Rg2 28. Rd2 Kb8 29. Bf3 Rxd2+ 30. Bxd2 Bc6 31. Qg2 Ba4+ 32. Kc1 Nb3+ 0-1

[Event "NATO-ch 13th"]
[Site "Brest"]
[Date "2002.10.??"]
[Round "1.28"]
[White "Stork, Ornett J"]
[Black "Ranario, Daniel"]
[Result "1/2-1/2"]
[WhiteElo "2101"]
[BlackElo "1813"]
[PlyCount "120"]
[EventDate "2002.10.07"]
[EventType "swiss"]
[EventRounds "7"]
[EventCountry "FRA"]
[SourceTitle "EXT 2003"]
[Source "ChessBase"]
[SourceDate "2002.11.25"]
[SourceVersion "1"]
[SourceVersionDate "2002.11.25"]
[SourceQuality "1"]

1. d4 Nf6 2. c4 e6 3. Nc3 d5 4. cxd5 exd5 5. Bg5 Be7 6. e3 c6 7. Bd3 h6 8. Bh4 0-0 9. Qc2 Be6 10. f3 Nbd7 11. g4 Ne8 12. Bf2 c5 13. Qd2 cxd4 14. exd4 Bh4 15. 0-0-0 Bxf2 16. Qxf2 Rc8 17. Nge2 Nd6 18. Kb1 Nb6 19. b3 a5 20. h4 a4 21. Kb2 axb3 22. axb3 Ra8 23. Nf4 Qe7 24. g5 h5 25. g6 Ndc4+ 26. bxc4 dxc4 27. Nxe6 Qb4+ 28. Kc2 cxd3+ 29. Kxd3 Qc4+ 30. Kd2 Qxe6 31. gxf7+ Qxf7 32. Rhg1 Qf4+ 33. Kc2 Qxf3 34. Qxf3 Rxf3 35. Rdf1 Rh3 36. Rh1 Rxh1 37. Rxh1 Nc4 38. Rg1 Ne3+ 39. Kd3 Nf5 40. Rg5 Nxh4 41. Rxh5 Ng6 42. Rb5 Rb8 43. Ne4 Nf4+ 44. Ke3 Ne6 45. Rb6 Kf7 46. d5 Nd8 47. Kd4 Ra8 48. Ke5 Ra6 49. Rb5 Rh6 50. Nd6+ Kf8 51. Nxb7 Nf7+ 52. Kd4 g5 53. Nc5 Rh4+ 54. Ke3 Rh3+ 55. Kf2 Ke7 56. Rb6 Nd6 57. Rc6 g4 58. Rc7+ Kf6 59. Kg2 Ke5 60. Rg7 Kxd5 1/2-1/2